Favé - Statistiques

Statistiques générales
  • Ce quiz a été pris 343 fois
  • Le résultat moyen est 9 sur 15
Statistiques - réponses
NUMÉRO DANS L’ALBUM SON % Correct
1. IL LE FALLAIT
86%
5. FLASHBACK
77%
10. GMAIL
69%
4. NUAGES
68%
11. FAVELA
67%
6. VIBES
57%
15. ENSEMBLE CROCO
55%
8. SUPER FAVÉ 3D
55%
9. EN VRAI
53%
7. DERNIERE CHANCE
51%
3. INVISIBLE
51%
12. C.F.M
50%
14. MÊME CHOSE
47%
2. MOMENTS DE GALERE
46%
13. D’APRES TOI
40%
Aucun quiz correspondant
Distribution des résultats
% des personnes avec chaque résultat
Percentile par nombre de réponses
Votre historique - résultats
Vous n’avez pas pris ce quiz